Diagnóstico de la subestructura de viviendas elevadas de interés social, construidas en zonas de inundación, siguiendo los lineamientos del Código Sísmico de Costa Rica 2010

Guardat en:
Dades bibliogràfiques
Autor principal: Núñez Cordero, José Pablo
Format: Llibre
Idioma:Spanish
Publicat: [San José], Costa Rica 2012
Matèries:
Etiquetes: Afegir etiqueta
Sense etiquetes, Sigues el primer a etiquetar aquest registre!

MARC

LEADER 00000nam a22000007a 4500
003 011582
005 20221231143921.0
008 151016b2012 cr a|||| |||| 00| 0 spa d
040 |c cru CEDI 
090 |a TFG 6753 
100 |9 1589  |a Núñez Cordero, José Pablo  
245 |a Diagnóstico de la subestructura de viviendas elevadas de interés social, construidas en zonas de inundación, siguiendo los lineamientos del Código Sísmico de Costa Rica 2010  
260 |a [San José], Costa Rica  |c  2012 
500 |a Proyecto de graduación (licenciatura en ingeniería civil)--Universidad de Costa Rica. Facultad de Ingeniería. Escuela de Ingeniería Civil 
650 |x ANALISIS ESTRUCTURAL (INGENIERIA)   |x VIVIENDA POPULAR - DISEÑO Y CONSTRUCCION  |x VULNERABILIDAD SISMICA - EVALUACION  |x DISEÑO SISMO RESISTENTE   |9 1590 
942 |c TFG 
999 |c 14191  |d 14191